| 000 | 02014cam a22004814i 4500 | ||
|---|---|---|---|
| 003 | PE-LiUPU | ||
| 005 | 20250731173449.0 | ||
| 008 | 150616s r 000 0 d | ||
| 035 | _a(Sirsi) a6356 | ||
| 040 |
_aPE-LiUPU _bspa _cPE-LiUPU _erda |
||
| 049 | _aPRUA | ||
| 082 | 0 | 4 |
_a296 _bJ13 _221 |
| 100 | 1 |
_aJacobson, Samuel S., _eautor. |
|
| 245 | 1 | 0 |
_aTwice Chosen; Stories of men and women who found both their Messiah and their Jewish heritage / _ccompilado por Samuel S. Jacobson. |
| 264 | 1 |
_aTakoma Park : _bTikvat Shalom, _c1992. |
|
| 300 |
_a107 páginas ; _c20 cm. |
||
| 336 |
_atext _2rdacontent |
||
| 337 |
_aunmediated _2rdamedia |
||
| 338 |
_avolume _2rdacarrier |
||
| 505 | 0 | _aEnsayos de: Jeff Persitz -- Lisa Reynolds -- George T. Javor -- Rahya Montouri -- Mordecai Du shey -- Mindy Hinda Mandelkorn -- Clifford Goldstein -- Steven Grabiner -- Jill Sirotkin Harwood -- Alan Rienacch -- Smuel Jacobson -- Alfred Aaron Nahman -- Barbara Zaremsky -- Jeff Zaremsky -- Lawrence J. Jacobs. | |
| 526 | _aSEG42 | ||
| 526 | _aSEG41 | ||
| 526 | _aSEG40 | ||
| 526 | _aSEG39 | ||
| 526 | _aP94 | ||
| 526 | _aP87 | ||
| 526 | _aP86 | ||
| 526 | _aP85 | ||
| 526 | _aP77 | ||
| 526 | _aP76 | ||
| 526 | _aP35 | ||
| 650 | 0 | 4 |
_aAdventistas del Séptimo Día _xConversos. |
| 650 | 0 | 4 |
_aCristianos judíos _vBiografía. |
| 650 | 0 | 4 |
_aJudios _xConversión al cristianismo. |
| 910 |
_ajck _bjvq _cjck |
||
| 942 |
_2ddc _cBOOK |
||
| 949 |
_a296 J13 _wDEWEY _c1 _i39569 _lCCODEBUL1 _mBUL _p00.00 _r0 _sY _tBOOK _u19950912 _xTEOLOGIA _zUNKNOWN _0COMPRA _o.STAFF. Colección General |
||
| 994 |
_aC0 _bPEPRU |
||
| 596 | _a1 4 | ||
| 999 |
_a296 J13 _wDEWEY _c57480 _i39569 _f2021-11-11 _g5 _lCCODEBUL1 _mBUL _r0 _sY _tBOOK _u2015-6-16 _xTEOLOGIA _zUNKNOWN _0COMPRA _o.STAFF. Colección General _d57480 |
||
| 999 |
_a248.5 J13 1992 _wDEWEY _c1 _iCW00525 _f2021-12-22 _g2 _lCCODECWL1 _mBWL _p15.00 _r0 _sY _tBOOK _u2018-7-24 _xWHITE _o.STAFF. Centro White |
||
| 980 |
_81 _gALBERTO SANCHEZ Responsable de Automatización |
||